Silvia : (Registro nro. 6535)
[ vista simple ]
| 000 -LEADER | |
|---|---|
| fixed length control field | 00921nam a22002777a 4500 |
| 003 - CONTROL NUMBER IDENTIFIER | |
| control field | OSt |
| 005 - DATE AND TIME OF LATEST TRANSACTION | |
| control field | 20250522115156.0 |
| 008 - FIXED-LENGTH DATA ELEMENTS--GENERAL INFORMATION | |
| fixed length control field | 200217t2012 sp ||||gr|||| 00| fdspa d |
| 020 ## - INTERNATIONAL STANDARD BOOK NUMBER | |
| International Standard Book Number | 9788493924249 |
| 040 ## - CATALOGING SOURCE | |
| Original cataloging agency | CO-JMCR |
| Transcribing agency | CO-JMCR |
| 041 1# - LANGUAGE CODE | |
| Language code of text/sound track or separate title | spa |
| Language code of original | eng |
| 082 04 - DEWEY DECIMAL CLASSIFICATION NUMBER | |
| Classification number | J-N |
| Item number | HATs |
| 100 1# - MAIN ENTRY--PERSONAL NAME | |
| Personal name | Harhaway, Jill, |
| Relator term | autor |
| 9 (RLIN) | 656 |
| 245 10 - TITLE STATEMENT | |
| Title | Silvia : |
| Remainder of title | (Slide) / |
| Statement of responsibility, etc. | Jill Hathaway ; traducción de, Luis Noriega |
| 250 ## - EDITION STATEMENT | |
| Edition statement | 1a. edición |
| 260 ## - PUBLICATION, DISTRIBUTION, ETC. | |
| Place of publication, distribution, etc. | Barcelona : |
| Name of publisher, distributor, etc. | B de Blok, |
| Date of publication, distribution, etc. | ©2012 |
| 300 ## - PHYSICAL DESCRIPTION | |
| Extent | 290 páginas ; |
| Dimensions | 21 cm. |
| 500 ## - GENERAL NOTE | |
| General note | Datos biográficos del autor en solapa frontal. |
| 500 ## - GENERAL NOTE | |
| General note | Titulo original: Slide. |
| 520 ## - SUMMARY, ETC. | |
| Summary, etc. | Sylvia Bell está segura de una cosa: Sophie, la amiga de su hermana, no se suicidó. fue asesinada. |
| 546 1# - LANGUAGE NOTE | |
| Language note | Traducida del inglés. |
| 650 14 - SUBJECT ADDED ENTRY--TOPICAL TERM | |
| Topical term or geographic name entry element | Novela |
| General subdivision | misterio |
| 9 (RLIN) | 657 |
| 650 14 - SUBJECT ADDED ENTRY--TOPICAL TERM | |
| Topical term or geographic name entry element | Novela |
| General subdivision | asesinato |
| 9 (RLIN) | 658 |
| 700 ## - ADDED ENTRY--PERSONAL NAME | |
| Personal name | Noriega, Luis, |
| Relator term | traductor |
| 9 (RLIN) | 659 |
| 942 ## - ADDED ENTRY ELEMENTS (KOHA) | |
| Source of classification or shelving scheme | Dewey Decimal Classification |
| Koha item type | Books |
| Withdrawn status | Lost status | Source of classification or shelving scheme | Damaged status | Not for loan | Home library | Current library | Shelving location | Date acquired | Source of acquisition | Cost, normal purchase price | Total Checkouts | Full call number | Barcode | Date last seen | Date last checked out | Copy number | Price effective from | Koha item type |
|---|---|---|---|---|---|---|---|---|---|---|---|---|---|---|---|---|---|---|
| Dewey Decimal Classification | Biblioteca Pública José María del Castillo y Rada | Biblioteca Pública José María del Castillo y Rada | Processing Center | 12/19/2019 | Donación | 0.00 | 4 | J-N HATs | 201809771 | 11/22/2024 | 11/19/2024 | Ej.1 | 02/17/2020 | Books |